[Event "Hallstahammar op"]
[Site "Hallstahammar"]
[Date "2001.09.08"]
[Round "5"]
[White "Horngren, Jan"]
[Black "Bjorfall, Alexander"]
[Result "0-1"]
[WhiteElo "1557"]
[BlackElo "1796"]
[PlyCount "70"]
[EventDate "2001.??.??"]
[EventType "swiss"]
[EventRounds "7"]
[EventCountry "SWE"]
[SourceTitle "EXT 2006"]
[Source "ChessBase"]
[SourceDate "2005.11.24"]
[SourceVersion "1"]
[SourceVersionDate "2005.11.24"]
[SourceQuality "1"]

1. e4 c5 2. Nf3 Nc6 3. d3 g6 4. g3 Bg7 5. Bg2 e6 6. 0-0 Nge7 7. Re1 Qc7 8. Nbd2 0-0 9. c3 a6 10. a4 d6 11. Nf1 e5 12. Bg5 f6 13. Be3 f5 14. Qb3+ Kh8 15. Ng5 Nd8 16. f4 h6 17. Nf3 Be6 18. Qc2 Ndc6 19. Bh3 Kh7 20. Qg2 Qd7 21. N1d2 b5 22. b3 exf4 23. gxf4 Bxc3 24. Rab1 Nb4 25. d4 fxe4 26. Bxe6 Qxe6 27. Nh4 Nc2 28. Re2 Nxe3 29. Rxe3 Bxd4 30. Rbe1 Nf5 31. Nxf5 gxf5 32. Kf1 Bxe3 33. Rxe3 Rg8 34. Qe2 d5 35. Qh5 Qg6 0-1